|
|
|
|
| LEADER |
01251nam a2200301 a 4500 |
| 001 |
12856433 |
| 008 |
090817r20032002njua 000 0 eng d |
| 010 |
|
|
|a \\2002510129
|
| 020 |
|
|
|a 0768909244
|
| 020 |
|
|
|a 9812438831
|
| 040 |
|
|
|a TEF
|c TEF
|d DLC
|
| 082 |
0 |
0 |
|a 808.5/1
|2 21
|
| 100 |
1 |
|
|a McManus, Judith A.
|
| 245 |
1 |
0 |
|a How to write and deliver effective speeches /
|c [Judith A. McManus].
|
| 246 |
3 |
0 |
|a Effective speeches
|
| 250 |
|
|
|a 4th ed.
|
| 260 |
|
|
|a Lawrenceville, NJ :
|b Thomson/Arco,
|c c2002 [reprinted 2003]
|
| 300 |
|
|
|a vii, 101 p. :
|b ill. ;
|c 23 cm.
|
| 490 |
1 |
|
|a Step by Step
|
| 500 |
|
|
|a "Second edition"--T.p. verso.
|
| 500 |
|
|
|a "An Arco book"--T.p. verso.
|
| 505 |
0 |
|
|a Getting started -- Getting organized -- Using evidence -- Research and documentation -- Using language -- Delivering your speech -- Using visual aids -- Listening, evaluating, and perfecting.
|
| 541 |
1 |
|
|e 00014245
|
| 650 |
|
0 |
|a Public speaking.
|
| 830 |
|
0 |
|a Step by step (Thomson Learning (Firm))
|
| 852 |
4 |
|
|a Ayesha Abed Library
|j General shelf
|
| 999 |
|
|
|c 3627
|d 3627
|
| 952 |
|
|
|0 0
|1 0
|2 ddc
|4 0
|6 808_510000000000000_MCM_2002
|7 0
|9 3291
|a BRACUL
|b BRACUL
|c GEN
|d 2009-09-02
|g 158.00
|l 12
|m 120
|o 808.51 MCM
|p 3010014245
|r 2025-12-23
|s 2025-10-29
|t 1
|v 316.00
|w 2009-09-02
|y BK
|